| 000 | 00660nam a22002177a 4500 | ||
|---|---|---|---|
| 003 | URS | ||
| 005 | 20250828100513.0 | ||
| 008 | 250331b ||||| |||| 00| 0 eng d | ||
| 040 | _cURS | ||
| 050 |
_aLB3060.33.G45 _b.Sw26 1989 |
||
| 100 |
_911917 _aSwartz, Richard |
||
| 245 |
_aReal Writing _b: essentials of effective essay writing |
||
| 264 |
_aChicago _bContemporary Books _c©1989 |
||
| 336 |
_2rdacontent _atext |
||
| 337 |
_2rdamedia _aunmediated |
||
| 338 |
_2rdacarrier _avolume |
||
| 650 | 0 |
_911918 _aEssay _xAuthorship -- Problems, exercise, etc. |
|
| 650 | 0 |
_94977 _aEnglish language _xRhetoric |
|
| 650 | 0 |
_92222 _aReport writing |
|
| 942 |
_2lcc _cCR |
||
| 999 |
_c85024 _d85022 |
||